Elfogadták az SZTE stratégiáját
Elmentve itt :
| Dokumentumtípus: | Cikk |
|---|---|
| Megjelent: |
2002-02-19
|
| Sorozat: | Délmagyarország
92 No. 42 |
| Kulcsszavak: | Egyetemi Tanács ülése, 2002, Stratégiai terv elfogadása |
| Online Access: | http://dmarchiv.bibl.u-szeged.hu/124397 |
| LEADER | 00451nab a2200145 i 4500 | ||
|---|---|---|---|
| 001 | delm124397 | ||
| 005 | 20191120090227.0 | ||
| 008 | 191120s2002 hu o 0|| hun d | ||
| 040 | |a SZTE Délmagyarország Archívum |b hun | ||
| 041 | |a hun | ||
| 245 | 0 | 0 | |a Elfogadták az SZTE stratégiáját |h [elektronikus dokumentum] |
| 260 | |c 2002-02-19 | ||
| 300 | |a 3 | ||
| 490 | 0 | |a Délmagyarország |v 92 No. 42 | |
| 695 | |a Egyetemi Tanács ülése, 2002, Stratégiai terv elfogadása | ||